| 000 | 00734nam a2200217 a 4500 | ||
|---|---|---|---|
| 005 | 20240924064355.0 | ||
| 008 | 011019s1996 es r 000 0 spa d | ||
| 020 | _a8478270558 | ||
| 035 | _aUPN01000113297 | ||
| 049 | _aCG | ||
| 050 | 4 |
_aLC71.2 _bD4.4 1996 |
|
| 245 | 0 | 0 |
_aDel proyecto educativo a la programación de aula : _bel qué, el cuándo y el cómo de los intrumentos de la planificación didáctica / _cS. Antúnez ... [et al.]. |
| 250 | _a8a ed. | ||
| 260 |
_aBarcelona, Esp. : _bGraó, _c1996. |
||
| 300 | _a149 p. | ||
| 440 | 0 |
_aPedagogía ; _v109 |
|
| 650 | 4 |
_aEducación _xPlanificación _91146 |
|
| 650 | 2 |
_aPlanificación curricular _95734 |
|
| 700 | 1 |
_aAntúnez Marcos, Serafín, _ecoaut. _928729 |
|
| 905 | _aLibro | ||
| 999 |
_c87205 _d87205 |
||